The Coal Authority (Record no. 98499)
[ view plain ]
| 000 -LEADER | |
|---|---|
| fixed length control field | 00872cam a2200253 4500 |
| 001 - CONTROL NUMBER | |
| control field | A420 |
| 008 - FIXED-LENGTH DATA ELEMENTS--GENERAL INFORMATION | |
| fixed length control field | 090401t1994 xxu||||| |||| 00| 0 eng d |
| 035 ## - SYSTEM CONTROL NUMBER | |
| System control number | (Sirsi) u95427 |
| 041 ## - LANGUAGE CODE | |
| Language code of text/sound track or separate title | eng |
| 110 ## - MAIN ENTRY--CORPORATE NAME | |
| Corporate name or jurisdiction name as entry element | Royal Institution of Chartered Surveyors |
| 9 (RLIN) | 4900 |
| 245 #4 - TITLE STATEMENT | |
| Title | The Coal Authority |
| 260 ## - PUBLICATION, DISTRIBUTION, ETC. | |
| Name of publisher, distributor, etc. | RICS |
| Date of publication, distribution, etc. | 1994 |
| 300 ## - PHYSICAL DESCRIPTION | |
| Extent | 8p |
| 350 ## - PRICE (NR) (BK AM CF MU VM SE) [OBSOLETE] | |
| Price | 3 |
| 490 ## - SERIES STATEMENT | |
| Series statement | RICS Memorandum |
| Volume/sequential designation | GCPPA/Report(94)5 |
| 520 ## - SUMMARY, ETC. | |
| Summary, etc. | Prepared in response to a DTI consultation paper which sets out in an Explanatory Note the way in which it is envisaged that the Coal Authority will discharge its functions and incorporates the draft model licensing documents for both underground and opencast mines. |
| 650 ## - SUBJECT ADDED ENTRY--TOPICAL TERM | |
| Topical term or geographic name entry element | COAL AUTHORITY |
| 650 ## - SUBJECT ADDED ENTRY--TOPICAL TERM | |
| Topical term or geographic name entry element | COAL INDUSTRY |
| 650 ## - SUBJECT ADDED ENTRY--TOPICAL TERM | |
| Topical term or geographic name entry element | COAL MINING |
| 650 ## - SUBJECT ADDED ENTRY--TOPICAL TERM | |
| Topical term or geographic name entry element | PRIVATISATION |
| 690 ## - LOCAL SUBJECT ADDED ENTRY--TOPICAL TERM (OCLC, RLIN) | |
| Topical term or geographic name as entry element | MINING AND MINERALS |
| 942 ## - ADDED ENTRY ELEMENTS (KOHA) | |
| Suppress in OPAC | 0 |
| 948 ## - LOCAL PROCESSING INFORMATION (OCLC); SERIES PART DESIGNATOR (RLIN) | |
| c (OCLC) | 04/03/1997 |
| Withdrawn status | Lost status | Source of classification or shelving scheme | Damaged status | Not for loan | Home library | Current library | Shelving location | Date acquired | Total Checkouts | Full call number | Barcode | Date last seen | Copy number | Price effective from | Koha item type |
|---|---|---|---|---|---|---|---|---|---|---|---|---|---|---|---|
| Other/Generic Classification Scheme | London | London | RICS Boxes | 29/10/2002 | BASEMENT | 95427-1001 | 06/08/2019 | 1 | 06/08/2019 | Archive |